[Event "Montreal Mercredi 02"]
[Site "Montreal"]
[Date "2017.03.08"]
[Round "4"]
[White "Langlois Remillard, Alexis"]
[Black "Cardin, Guillaume"]
[Result "0-1"]
[WhiteElo "1999"]
[BlackElo "2000"]
[PlyCount "68"]
[EventDate "2017.02.15"]
[EventType "swiss"]
[EventRounds "5"]
[EventCountry "CAN"]
[SourceTitle "EXT 2022"]
[Source "ChessBase"]
[SourceDate "2021.10.06"]
[SourceVersion "1"]
[SourceVersionDate "2021.10.06"]
[SourceQuality "1"]

1. e4 e5 2. Nf3 Nc6 3. Bc4 Bc5 4. c3 Nf6 5. d3 d6 6. b4 Bb6 7. a4 a5 8. b5 Ne7 9. Qb3 0-0 10. Bg5 Ng6 11. h4 h6 12. h5 Nf4 13. Bxf4 exf4 14. Nbd2 Qe7 15. g3 fxg3 16. fxg3 Bg4 17. 0-0-0 Be3 18. Rdf1 Nxh5 19. Nh4 Bxd2+ 20. Kxd2 Nxg3 21. Bxf7+ Rxf7 22. Rxf7 Qxf7 23. Qxf7+ Kxf7 24. Rg1 Nxe4+ 25. dxe4 Be6 26. Kc2 g5 27. Nf3 Rf8 28. Nd4 Bd7 29. Nf5 Bxf5 30. exf5 Kf6 31. Kd3 Re8 32. Rh1 Kxf5 33. Rxh6 Re7 34. Rh8 g4 0-1

[Event "Montreal Mercredi 02"]
[Site "Montreal"]
[Date "2017.03.01"]
[Round "3"]
[White "Saha, Ananda"]
[Black "Cardin, Guillaume"]
[Result "1-0"]
[WhiteElo "2022"]
[BlackElo "2000"]
[PlyCount "65"]
[EventDate "2017.02.15"]
[EventType "swiss"]
[EventRounds "5"]
[EventCountry "CAN"]
[SourceTitle "EXT 2022"]
[Source "ChessBase"]
[SourceDate "2021.10.06"]
[SourceVersion "1"]
[SourceVersionDate "2021.10.06"]
[SourceQuality "1"]

1. Nf3 Nf6 2. g3 d5 3. Bg2 g6 4. 0-0 Bg7 5. d4 0-0 6. c3 c5 7. dxc5 a5 8. Nd4 Na6 9. c6 bxc6 10. Nxc6 Qd6 11. Nxa5 Bg4 12. Bf4 Qe6 13. Re1 Bh3 14. Nb3 Bxg2 15. Kxg2 Nh5 16. Be3 f5 17. Nd4 Qe4+ 18. Nf3 Rab8 19. Nbd2 Qe6 20. Nb3 f4 21. Bxf4 Rxf4 22. gxf4 Nxf4+ 23. Kh1 Nh3 24. Rf1 Rf8 25. Qd3 Qg4 26. Qxa6 e6 27. Nc5 Nf4 28. Rg1 Qf5 29. e3 Qh5 30. exf4 Qxf3+ 31. Rg2 Rxf4 32. Qxe6+ Kh8 33. Qe3 1-0

[Event "Montreal Mercredi 04"]
[Site "Montreal"]
[Date "2017.02.01"]
[Round "5"]
[White "Beaulieu, Pierre"]
[Black "Cardin, Guillaume"]
[Result "1-0"]
[WhiteElo "1896"]
[BlackElo "2034"]
[PlyCount "133"]
[EventDate "2017.01.04"]
[EventType "swiss"]
[EventRounds "5"]
[EventCountry "CAN"]
[SourceTitle "EXT 2022"]
[Source "ChessBase"]
[SourceDate "2021.10.06"]
[SourceVersion "1"]
[SourceVersionDate "2021.10.06"]
[SourceQuality "1"]

1. b3 e5 2. Bb2 Nc6 3. e3 Nf6 4. Nf3 e4 5. Ng1 d5 6. d3 Bb4+ 7. c3 Bd6 8. h3 0-0 9. Nd2 Qe7 10. Qc2 Bf5 11. d4 Nd8 12. Ne2 Ne6 13. Rd1 Bg6 14. Nc1 Bh5 15. Be2 Bxe2 16. Nxe2 g6 17. c4 c6 18. Nc3 Rac8 19. Qb1 a6 20. Kf1 Rcd8 21. g3 Bb8 22. Kg2 Nh5 23. Nf1 f5 24. Ne2 f4 25. exf4 Bxf4 26. cxd5 cxd5 27. Bc1 Bxc1 28. Qxc1 Qf7 29. Qe3 Nhg7 30. g4 Qf3+ 31. Kg1 Rc8 32. Rd2 Nf4 33. Qxf3 exf3 34. Nxf4 Rxf4 35. Ne3 Re4 36. Kh2 Rd8 37. Kg3 Ne6 38. Rhd1 Nf4 39. Kxf3 Nxh3 40. Ng2 Rf8+ 41. Kg3 Nf4 42. Ne3 Rc8 43. Re1 h5 44. f3 h4+ 45. Kf2 Re6 46. Nxd5 Rxe1 47. Nxf4 Rcc1 48. Nxg6 Rf1+ 49. Ke3 Rce1+ 50. Kf4 h3 51. Kg3 Rh1 52. Rh2 Reg1+ 53. Kxh3 Rxh2+ 54. Kxh2 Rd1 55. d5 Kg7 56. Nf4 Rd2+ 57. Kg3 Rxa2 58. g5 a5 59. Kg4 a4 60. bxa4 Rxa4 61. Kf5 b5 62. d6 Kg8 63. Nd5 b4 64. Ke6 b3 65. d7 Ra8 66. Ke7 Ra7 67. Ke8 1-0

[Event "Montreal Mercredi 10"]
[Site "Montreal"]
[Date "2016.10.19"]
[Round "2"]
[White "Langlois Remillard, Alexis"]
[Black "Cardin, Guillaume"]
[Result "0-1"]
[WhiteElo "1954"]
[BlackElo "2039"]
[PlyCount "60"]
[EventDate "2016.10.12"]
[EventType "swiss"]
[EventRounds "5"]
[EventCountry "CAN"]
[SourceTitle "EXT 2022"]
[Source "ChessBase"]
[SourceDate "2021.10.06"]
[SourceVersion "1"]
[SourceVersionDate "2021.10.06"]
[SourceQuality "1"]

1. b3 Nf6 2. Bb2 g6 3. Bxf6 exf6 4. c4 Bg7 5. Nc3 f5 6. g3 0-0 7. Bg2 d6 8. Rc1 c6 9. e3 Nd7 10. Nge2 Nf6 11. 0-0 Re8 12. Qc2 a5 13. Rfd1 h5 14. d4 h4 15. a3 hxg3 16. hxg3 Ng4 17. b4 Qg5 18. Nf4 Qh6 19. Nh3 f4 20. exf4 Qh8 21. Qd2 axb4 22. axb4 Bf5 23. d5 Ra3 24. Re1 Rxe1+ 25. Rxe1 Bxc3 26. Re8+ Kg7 27. Qxc3+ Rxc3 28. Rxh8 Kxh8 29. dxc6 Rc1+ 30. Bf1 bxc6 0-1

[Event "Montreal Mercredi 10"]
[Site "Montreal"]
[Date "2015.10.14"]
[Round "1"]
[White "Have, Didier"]
[Black "Cardin, Guillaume"]
[Result "1-0"]
[WhiteElo "2039"]
[BlackElo "2047"]
[PlyCount "47"]
[EventDate "2015.10.14"]
[EventType "swiss"]
[EventRounds "5"]
[EventCountry "CAN"]
[SourceTitle "EXT 2022"]
[Source "ChessBase"]
[SourceDate "2021.10.06"]
[SourceVersion "1"]
[SourceVersionDate "2021.10.06"]
[SourceQuality "1"]

1. e4 e5 2. Nc3 Nf6 3. Bc4 Bc5 4. f4 d6 5. d3 c6 6. Nf3 b5 7. Bb3 a5 8. a4 b4 9. Ne2 Qc7 10. c3 bxc3 11. bxc3 Nbd7 12. Ng5 0-0 13. f5 d5 14. Ng3 Rb8 15. Ba2 h6 16. h4 Ba6 17. Rh3 d4 18. Nh5 Nxh5 19. Qxh5 Nf6 20. Qg6 dxc3 21. Nh7 Nd5 22. Bxd5 cxd5 23. Nf6+ Kh8 24. Qh7# 1-0

[Event "Mercredi 2015.09.02 ABCD"]
[Site "Montreal"]
[Date "2015.09.16"]
[Round "3"]
[White "Cardin, Guillaume"]
[Black "Pomerantz, Daniel"]
[Result "0-1"]
[WhiteElo "2032"]
[BlackElo "1997"]
[PlyCount "96"]
[EventDate "2015.09.02"]
[EventType "tourn"]
[EventRounds "5"]
[EventCountry "CAN"]
[SourceTitle "EXT 2019"]
[Source "ChessBase"]
[SourceDate "2018.10.10"]
[SourceVersion "1"]
[SourceVersionDate "2018.10.10"]
[SourceQuality "1"]

1. d4 Nf6 2. c4 e6 3. Nf3 b6 4. g3 Bb7 5. Bg2 Be7 6. 0-0 0-0 7. Re1 d5 8. cxd5 exd5 9. Nc3 Re8 10. Bf4 a6 11. Rc1 Nbd7 12. Ne5 c5 13. Nxd7 Qxd7 14. Na4 Qb5 15. dxc5 bxc5 16. Nc3 Qd7 17. Qc2 d4 18. Ne4 Nxe4 19. Bxe4 Bxe4 20. Qxe4 Bg5 21. Qf3 Bxf4 22. Qxf4 Qd5 23. b3 Re5 24. Qd2 Rae8 25. e3 Qe6 26. Kf1 Qh3+ 27. Kg1 Qe6 28. Kf1 Rh5 29. Kg1 Qh3 30. f4 d3 31. Rc3 Rd8 32. Rec1 Qf5 33. b4 cxb4 34. Rxd3 Re8 35. Rd8 Qe6 36. Rc7 h6 37. Rcd7 Rxd8 38. Rxd8+ Kh7 39. Qd3+ Qf5 40. e4 Qc5+ 41. Kg2 Qa5 42. e5+ g6 43. Qd2 Qc5 44. Rd5 Qc6 45. Kg1 Qb6+ 46. Qd4 Qe6 47. Rd6 Qxa2 48. Qxb4 Rxh2 0-1

[Event "Mercredi 2015.05.13 ABCD"]
[Site "Montreal"]
[Date "2015.06.03"]
[Round "4"]
[White "Lopez Linares, Lizandro Fernando"]
[Black "Cardin, Guillaume"]
[Result "1/2-1/2"]
[WhiteElo "2215"]
[BlackElo "2123"]
[PlyCount "47"]
[EventDate "2015.05.13"]
[EventType "tourn"]
[EventRounds "5"]
[EventCountry "CAN"]
[SourceTitle "EXT 2019"]
[Source "ChessBase"]
[SourceDate "2018.10.10"]
[SourceVersion "1"]
[SourceVersionDate "2018.10.10"]
[SourceQuality "1"]

1. d4 f5 2. e4 fxe4 3. Nc3 Nf6 4. Bg5 Nc6 5. d5 Ne5 6. Qd4 Nf7 7. Bxf6 exf6 8. Nxe4 f5 9. Ng3 g6 10. 0-0-0 Bh6+ 11. f4 0-0 12. Nf3 d6 13. h4 Bg7 14. Qd2 c5 15. h5 Qf6 16. c3 Bd7 17. hxg6 hxg6 18. Bd3 b5 19. Ne2 Rfe8 20. Ng5 Qe7 21. Rde1 Qe3 22. Qxe3 Rxe3 23. Kd2 Re7 24. Nf3 1/2-1/2

[Event "Montreal Mercredi 04"]
[Site "Montreal"]
[Date "2015.04.08"]
[Round "2"]
[White "Lebeau, Gilbert"]
[Black "Cardin, Guillaume"]
[Result "0-1"]
[WhiteElo "2082"]
[BlackElo "2107"]
[PlyCount "132"]
[EventDate "2015.04.01"]
[EventType "swiss"]
[EventRounds "5"]
[EventCountry "CAN"]
[SourceTitle "EXT 2022"]
[Source "ChessBase"]
[SourceDate "2021.10.06"]
[SourceVersion "1"]
[SourceVersionDate "2021.10.06"]
[SourceQuality "1"]

1. d4 f5 2. Bg5 h6 3. Bh4 g5 4. e3 Nf6 5. Be2 Bg7 6. Bh5+ Nxh5 7. Qxh5+ Kf8 8. Bg3 d6 9. Nc3 c5 10. d5 b5 11. h4 Qa5 12. Nge2 b4 13. Nd1 Nd7 14. 0-0 Nf6 15. Qg6 Nxd5 16. e4 Rg8 17. exd5 Bxb2 18. Qxh6+ Bg7 19. Qxg5 Bxa1 20. Qh5 Qxa2 21. Ne3 Bd4 22. Bf4 Bxe3 23. fxe3 Qxd5 24. Bh6+ Rg7 25. Bxg7+ Kxg7 26. Rf3 Qf7 27. Rg3+ Kf6 28. Qh8+ Ke6 29. Nf4+ Kd7 30. Rg7 Bb7 31. Qxa8 Qxg7 32. Qxb7+ Ke8 33. Qc8+ Kf7 34. Qxf5+ Kg8 35. h5 a5 36. Ng6 Qa1+ 37. Kh2 Qf6 38. Qd5+ Kg7 39. Qa8 Kh6 40. Qxa5 Kxh5 41. Nf4+ Kg4 42. g3 Qc3 43. Qa4 Qxe3 44. Qd7+ Kf3 45. Ng2 Qe5 46. Nh4+ Kf2 47. Qg4 Qe2 48. Qf4+ Ke1+ 49. Ng2+ Kd1 50. Qf5 Qxc2 51. Qf1+ Kd2 52. Qe1+ Kd3 53. Qxe7 b3 54. Qxd6+ Kc4 55. Qa6+ Kc3 56. Qf6+ Kb4 57. Qb6+ Ka3 58. Qa6+ Kb2 59. Kh3 Qf5+ 60. Kh4 Qe4+ 61. Nf4 c4 62. Kg5 c3 63. Nd3+ Kc2 64. Nf4 b2 65. Qa2 Qb4 66. Ne2 Qb5+ 0-1

[Event "Montreal Mercredi 02"]
[Site "Montreal"]
[Date "2015.03.04"]
[Round "3"]
[White "Boudreau, Daniel"]
[Black "Cardin, Guillaume"]
[Result "1/2-1/2"]
[WhiteElo "2070"]
[BlackElo "2103"]
[PlyCount "97"]
[EventDate "2015.02.18"]
[EventType "swiss"]
[EventRounds "5"]
[EventCountry "CAN"]
[SourceTitle "EXT 2022"]
[Source "ChessBase"]
[SourceDate "2021.10.06"]
[SourceVersion "1"]
[SourceVersionDate "2021.10.06"]
[SourceQuality "1"]

1. e4 d5 2. exd5 Qxd5 3. Nf3 Nf6 4. d4 g6 5. c4 Qd8 6. Nc3 Bg7 7. Be2 0-0 8. 0-0 c6 9. Bg5 Bf5 10. Qd2 Nbd7 11. Rfe1 Qa5 12. a3 e5 13. b4 Qc7 14. dxe5 Ng4 15. Rac1 Ndxe5 16. Nxe5 Bxe5 17. Bxg4 Bxh2+ 18. Kh1 Bxg4 19. Ne4 f5 20. Nf6+ Rxf6 21. Bxf6 Bf4 22. Qc3 Bxc1 23. Qxc1 Qf7 24. Bb2 Re8 25. Rxe8+ Qxe8 26. Qc3 Qe7 27. Qh8+ Kf7 28. Qxh7+ Ke8 29. Qxg6+ Qf7 30. Qd6 Qd7 31. Qb8+ Kf7 32. Qe5 Qe7 33. Qc3 Qg5 34. c5 f4 35. f3 Be6 36. Qe5 Qh4+ 37. Kg1 Bd5 38. Bc1 Bxf3 39. gxf3 Qg3+ 40. Kf1 Qxf3+ 41. Ke1 Qh1+ 42. Kd2 f3 43. Qf4+ Ke6 44. Qe3+ Kf5 45. Kd3 Qf1+ 46. Kd4 f2 47. Qf4+ Kg6 48. Qg5+ Kf7 49. Qf5+ 1/2-1/2

[Event "Montreal Mercredi 02"]
[Site "Montreal"]
[Date "2015.02.25"]
[Round "2"]
[White "Cardin, Guillaume"]
[Black "Tremblay, Alain"]
[Result "1-0"]
[WhiteElo "2103"]
[BlackElo "2117"]
[PlyCount "135"]
[EventDate "2015.02.18"]
[EventType "swiss"]
[EventRounds "5"]
[EventCountry "CAN"]
[SourceTitle "EXT 2022"]
[Source "ChessBase"]
[SourceDate "2021.10.06"]
[SourceVersion "1"]
[SourceVersionDate "2021.10.06"]
[SourceQuality "1"]

1. d4 Nf6 2. c4 d6 3. Nc3 g6 4. e4 Bg7 5. Bd3 0-0 6. Nge2 Nc6 7. 0-0 e5 8. d5 Ne7 9. Rb1 Nh5 10. Kh1 f5 11. exf5 gxf5 12. Ng3 Nxg3+ 13. fxg3 e4 14. Bc2 Ng6 15. Qh5 Bd7 16. g4 fxg4 17. Bg5 Qe8 18. Nxe4 Qe5 19. Ng3 Rxf1+ 20. Rxf1 Rf8 21. Rb1 Qe8 22. Bh6 Bxh6 23. Qxh6 Qf7 24. Qg5 Qf4 25. Qxf4 Rxf4 26. Nh5 Rf8 27. Kg1 Ne5 28. b3 Bf5 29. Rb2 Bg6 30. Bxg6 hxg6 31. Ng3 Rf4 32. Ne2 Re4 33. Rd2 Nd7 34. Nc3 Re1+ 35. Kf2 Re7 36. Nb5 Nc5 37. Re2 Nd3+ 38. Kf1 Rf7+ 39. Kg1 a6 40. Nd4 Nf4 41. Re8+ Rf8 42. Rxf8+ Kxf8 43. Kf2 Ke7 44. Kg3 Nd3 45. Kxg4 Kf6 46. h4 Nc1 47. a3 Nd3 48. g3 a5 49. Nb5 a4 50. bxa4 Ne5+ 51. Kf4 Nxc4 52. Nxc7 Nd2 53. Nb5 Nc4 54. g4 Nb6 55. Ke4 Nxa4 56. Nxd6 Nc5+ 57. Kd4 Nb3+ 58. Kc4 Nd2+ 59. Kc5 Nb1 60. a4 Nc3 61. a5 Ke5 62. Nc4+ Kf6 63. d6 Ke6 64. h5 gxh5 65. gxh5 Ne4+ 66. Kb6 Nf6 67. h6 Kd5 68. Kxb7 1-0

[Event "Montreal Mercredi 01"]
[Site "Montreal"]
[Date "2015.01.28"]
[Round "4"]
[White "Cardin, Guillaume"]
[Black "Ouellet, Maili Jade"]
[Result "1-0"]
[WhiteElo "2064"]
[BlackElo "1994"]
[PlyCount "59"]
[EventDate "2015.01.07"]
[EventType "swiss"]
[EventRounds "5"]
[EventCountry "CAN"]
[SourceTitle "EXT 2022"]
[Source "ChessBase"]
[SourceDate "2021.10.06"]
[SourceVersion "1"]
[SourceVersionDate "2021.10.06"]
[SourceQuality "1"]

1. d4 d5 2. c4 e6 3. Nf3 Nf6 4. g3 Be7 5. Bg2 0-0 6. 0-0 Nbd7 7. Qc2 b6 8. Ne5 c5 9. Nc6 Qe8 10. Nxe7+ Qxe7 11. dxc5 bxc5 12. Nc3 Nb6 13. cxd5 exd5 14. Bg5 Bb7 15. Rfd1 Rfd8 16. a4 a5 17. Qb3 Qe6 18. Bxf6 gxf6 19. e3 Rd7 20. Ne2 Rd6 21. Nf4 Qd7 22. Qc2 Qc7 23. Qf5 Qd7 24. Qh5 Rd8 25. Bh3 Qc6 26. Bf5 Kf8 27. Qxh7 Re8 28. Bg6 Qc7 29. Bxf7 f5 30. Qg8+ 1-0

[Event "Montreal Mercredi 01"]
[Site "Montreal"]
[Date "2015.01.21"]
[Round "3"]
[White "Lebeau, Gilbert"]
[Black "Cardin, Guillaume"]
[Result "1-0"]
[WhiteElo "2020"]
[BlackElo "2064"]
[PlyCount "81"]
[EventDate "2015.01.07"]
[EventType "swiss"]
[EventRounds "5"]
[EventCountry "CAN"]
[SourceTitle "EXT 2022"]
[Source "ChessBase"]
[SourceDate "2021.10.06"]
[SourceVersion "1"]
[SourceVersionDate "2021.10.06"]
[SourceQuality "1"]

1. d4 f5 2. Nf3 Nf6 3. g3 e6 4. c4 d5 5. Nc3 c6 6. Bg2 Bd6 7. b3 0-0 8. 0-0 b6 9. cxd5 exd5 10. Bb2 Nbd7 11. Rc1 Bb7 12. e3 Ne4 13. a3 a5 14. a4 Qe7 15. Ne2 Rac8 16. Nf4 Ba6 17. Nd3 c5 18. Re1 c4 19. Nde5 Bb4 20. bxc4 Bxe1 21. Qxe1 Bxc4 22. Nxc4 Rxc4 23. Ne5 Nxe5 24. dxe5 Rfc8 25. Rxc4 dxc4 26. Bxe4 fxe4 27. Bc3 Qd7 28. Qb1 Qc6 29. Qd1 h6 30. Qg4 Rc7 31. h4 Kh7 32. h5 g6 33. e6 Qe8 34. Qxe4 Re7 35. Qe5 gxh5 36. Qf6 h4 37. g4 Rb7 38. f4 Qg8 39. g5 hxg5 40. fxg5 b5 41. Qh6# 1-0

[Event "Montreal Mercredi 10"]
[Site "Montreal"]
[Date "2014.11.12"]
[Round "5"]
[White "Cardin, Guillaume"]
[Black "Boudreau, Daniel"]
[Result "1/2-1/2"]
[WhiteElo "2027"]
[BlackElo "2110"]
[PlyCount "60"]
[EventDate "2014.10.15"]
[EventType "swiss"]
[EventRounds "5"]
[EventCountry "CAN"]
[SourceTitle "EXT 2022"]
[Source "ChessBase"]
[SourceDate "2021.10.06"]
[SourceVersion "1"]
[SourceVersionDate "2021.10.06"]
[SourceQuality "1"]

1. d4 Nf6 2. c4 e6 3. g3 Bb4+ 4. Bd2 Be7 5. Bg2 d5 6. Nf3 c6 7. Qc2 b6 8. 0-0 0-0 9. Bf4 Nbd7 10. Rd1 Bb7 11. Nc3 Rc8 12. e4 dxc4 13. Qa4 Nh5 14. Be3 b5 15. Nxb5 cxb5 16. Qxb5 Bxe4 17. Qxh5 Nf6 18. Qb5 Nd5 19. Bd2 c3 20. Bxc3 Nxc3 21. bxc3 Rxc3 22. Ne5 Bxg2 23. Kxg2 Qa8+ 24. Kg1 Rfc8 25. Rab1 R3c7 26. Qb2 f6 27. Nd3 Bd6 28. Rdc1 Rxc1+ 29. Rxc1 Rxc1+ 30. Qxc1 Qb7 1/2-1/2

[Event "Montreal Mercredi 10"]
[Site "Montreal"]
[Date "2014.10.29"]
[Round "3"]
[White "Jacquet, Stephane"]
[Black "Cardin, Guillaume"]
[Result "0-1"]
[WhiteElo "2030"]
[BlackElo "2027"]
[PlyCount "60"]
[EventDate "2014.10.15"]
[EventType "swiss"]
[EventRounds "5"]
[EventCountry "CAN"]
[SourceTitle "EXT 2022"]
[Source "ChessBase"]
[SourceDate "2021.10.06"]
[SourceVersion "1"]
[SourceVersionDate "2021.10.06"]
[SourceQuality "1"]

1. d4 f5 2. e4 fxe4 3. Nc3 Nf6 4. Bg5 e6 5. Nxe4 Be7 6. Bxf6 Bxf6 7. Nf3 d5 8. Nxf6+ Qxf6 9. Bd3 Nc6 10. 0-0 0-0 11. Qd2 e5 12. dxe5 Nxe5 13. Nxe5 Qxe5 14. Rae1 Qf6 15. Re3 Bd7 16. Rfe1 Rae8 17. c3 Qg5 18. Kf1 Qf4 19. g3 Bh3+ 20. Kg1 Qf7 21. Qc2 Qf3 22. Bf1 Rxe3 23. Rxe3 Qxe3 24. Bxh3 Qe5 25. Bf1 c5 26. Bd3 g6 27. f4 Qe6 28. Kg2 Kg7 29. h4 Re8 30. h5 c4 0-1

[Event "Montreal Mercredi 10"]
[Site "Montreal"]
[Date "2014.10.15"]
[Round "1"]
[White "Lopez Linares, Lizandro Fernando"]
[Black "Cardin, Guillaume"]
[Result "0-1"]
[WhiteElo "2104"]
[BlackElo "2027"]
[PlyCount "100"]
[EventDate "2014.10.15"]
[EventType "swiss"]
[EventRounds "5"]
[EventCountry "CAN"]
[SourceTitle "EXT 2022"]
[Source "ChessBase"]
[SourceDate "2021.10.06"]
[SourceVersion "1"]
[SourceVersionDate "2021.10.06"]
[SourceQuality "1"]

1. d4 f5 2. Nf3 Nf6 3. g3 e6 4. Bg2 d5 5. 0-0 Bd6 6. c4 c6 7. Nc3 0-0 8. Bf4 Bxf4 9. gxf4 Qe7 10. Qb3 b6 11. Ne5 Bb7 12. Rac1 Nbd7 13. e3 Nxe5 14. dxe5 Nd7 15. cxd5 exd5 16. Rfd1 Nc5 17. Qa3 g5 18. Na4 gxf4 19. exf4 Qh4 20. Nxc5 bxc5 21. Qg3+ Qxg3 22. fxg3 c4 23. b3 Ba6 24. Kf2 Rab8 25. Rd2 Rb6 26. bxc4 Bxc4 27. Ke3 Rb4 28. Kd4 Kf7 29. Kc5 Rb6 30. Bh3 Ke7 31. a4 h5 32. Bg2 h4 33. Rc3 Rg8 34. Bh3 Ke6 35. Rd1 Rb2 36. gxh4 Rxh2 37. Kxc6 Rc8+ 38. Kb7 Ba6+ 39. Kxa6 Rxc3 40. Bf1 Rxh4 41. Bg2 Rc5 42. Kxa7 Rxf4 43. Kb6 Rfc4 44. a5 Rc1 45. Rd3 Kxe5 46. a6 Rc6+ 47. Kb7 Rd6 48. Ra3 Rg1 49. Bh3 Rg7+ 50. Kc8 Rf6 0-1

[Event "Montreal Mercredi 09"]
[Site "Montreal"]
[Date "2014.09.24"]
[Round "4"]
[White "Cardin, Guillaume"]
[Black "Boudreau, Daniel"]
[Result "1/2-1/2"]
[WhiteElo "2011"]
[BlackElo "2075"]
[PlyCount "155"]
[EventDate "2014.09.03"]
[EventType "swiss"]
[EventRounds "5"]
[EventCountry "CAN"]
[SourceTitle "EXT 2022"]
[Source "ChessBase"]
[SourceDate "2021.10.06"]
[SourceVersion "1"]
[SourceVersionDate "2021.10.06"]
[SourceQuality "1"]

1. d4 Nf6 2. c4 e6 3. g3 Bb4+ 4. Bd2 Qe7 5. Bg2 0-0 6. Nc3 d6 7. Qb3 a5 8. e3 e5 9. Nge2 exd4 10. Nxd4 Na6 11. 0-0 Nc5 12. Qc2 c6 13. a3 Bxc3 14. Bxc3 a4 15. h3 Nfe4 16. Bb4 f5 17. Rfd1 Bd7 18. Bxc5 Nxc5 19. b4 axb3 20. Nxb3 Ne4 21. Nd4 Ra7 22. Rdb1 g6 23. a4 Rfa8 24. Rb6 Nc5 25. Kh2 Qe5 26. Qb1 Rxa4 27. Rxa4 Rxa4 28. Rxb7 Nxb7 29. Qxb7 Qe8 30. Nxc6 Ra2 31. Bd5+ Kf8 32. Nb8 Be6 33. Qxh7 Qf7 34. Qh8+ Qg8 35. Qf6+ Qf7 36. Qxe6 Qxe6 37. Bxe6 Rxf2+ 38. Kg1 Rf3 39. Kg2 Rxe3 40. Bd5 Ke7 41. Nc6+ Kf6 42. h4 Rd3 43. Na7 Ke5 44. Nb5 Rd2+ 45. Kf3 Rb2 46. Bf7 Rb3+ 47. Kg2 Rb2+ 48. Kh3 Rb3 49. Kg2 Rb2+ 50. Kf1 Rb1+ 51. Kf2 Rb2+ 52. Ke1 Rb1+ 53. Kd2 Rg1 54. Bxg6 Rg2+ 55. Kd1 Rxg3 56. h5 Rb3 57. Ke2 Rb4 58. Bf7 f4 59. Kf3 Rb1 60. Nc7 Rb3+ 61. Kg4 Rg3+ 62. Kh4 Rg7 63. Bd5 Rxc7 64. Kg5 Rg7+ 65. Kh4 Kf5 66. h6 Rg4+ 67. Kh3 Rg6 68. h7 Rh6+ 69. Kg2 Rxh7 70. Kf3 Rh3+ 71. Kf2 Ke5 72. Ke2 Kd4 73. Kf2 Rc3 74. Bf7 Ke4 75. Bd5+ Kd4 76. Bf7 Rd3 77. Bd5 Rc3 78. Bf7 1/2-1/2

[Event "Montreal Mercredi 09"]
[Site "Montreal"]
[Date "2014.09.17"]
[Round "3"]
[White "Cardin, Guillaume"]
[Black "Lopez Linares, Lizandro Fernando"]
[Result "0-1"]
[WhiteElo "2011"]
[BlackElo "2125"]
[PlyCount "64"]
[EventDate "2014.09.03"]
[EventType "swiss"]
[EventRounds "5"]
[EventCountry "CAN"]
[SourceTitle "EXT 2022"]
[Source "ChessBase"]
[SourceDate "2021.10.06"]
[SourceVersion "1"]
[SourceVersionDate "2021.10.06"]
[SourceQuality "1"]

1. d4 d5 2. c4 c6 3. Nf3 Nf6 4. g3 g6 5. Bg2 Bg7 6. 0-0 0-0 7. Nbd2 Nbd7 8. b3 dxc4 9. bxc4 e5 10. Bb2 exd4 11. Nxd4 Re8 12. e4 Nc5 13. Qc2 Ng4 14. N2b3 Na4 15. Ba3 c5 16. Nb5 Qe7 17. Rad1 Be5 18. h3 a6 19. hxg4 axb5 20. cxb5 b6 21. f4 Bg7 22. e5 Bxg4 23. Bxa8 Rxa8 24. Qe4 Qa7 25. Qc6 Nc3 26. Rd6 Qxa3 27. Nc1 Nxb5 28. Rd3 Qa6 29. f5 Rc8 30. fxg6 hxg6 31. Qd5 Be6 32. Qf3 Nd4 0-1

[Event "Montreal Mercredi 09"]
[Site "Montreal"]
[Date "2014.09.10"]
[Round "2"]
[White "Luo, Zhao Yang"]
[Black "Cardin, Guillaume"]
[Result "1-0"]
[WhiteElo "2051"]
[BlackElo "2011"]
[PlyCount "65"]
[EventDate "2014.09.03"]
[EventType "swiss"]
[EventRounds "5"]
[EventCountry "CAN"]
[SourceTitle "EXT 2022"]
[Source "ChessBase"]
[SourceDate "2021.10.06"]
[SourceVersion "1"]
[SourceVersionDate "2021.10.06"]
[SourceQuality "1"]

1. d4 f5 2. Nf3 Nf6 3. g3 e6 4. Bg2 d5 5. 0-0 Bd6 6. c4 c6 7. Qc2 0-0 8. Bd2 Qe7 9. a3 a5 10. Rc1 Bd7 11. Qb3 Be8 12. c5 Bc7 13. Qxb7 Ra6 14. Ng5 Bf7 15. Bf1 Bd6 16. Qb3 Bc7 17. Nc3 Ra7 18. Qa4 h6 19. Nxf7 Qxf7 20. b4 f4 21. Bxf4 Bxf4 22. gxf4 Ng4 23. e3 axb4 24. Qxb4 Rb7 25. Qa4 Qg6 26. Qc2 Rf5 27. Bg2 Qf7 28. Ne2 g5 29. h3 Nf6 30. Ng3 Qg6 31. Nxf5 exf5 32. Rab1 gxf4 33. f3 1-0

[Event "Montreal Mercredi 10"]
[Site "Montreal"]
[Date "2013.10.30"]
[Round "5"]
[White "Cardin, Guillaume"]
[Black "Have, Didier"]
[Result "0-1"]
[WhiteElo "2061"]
[BlackElo "1971"]
[PlyCount "96"]
[EventDate "2013.10.02"]
[EventType "swiss"]
[EventRounds "5"]
[EventCountry "CAN"]
[SourceTitle "EXT 2022"]
[Source "ChessBase"]
[SourceDate "2021.10.06"]
[SourceVersion "1"]
[SourceVersionDate "2021.10.06"]
[SourceQuality "1"]

1. d4 d5 2. c4 e6 3. Nf3 f5 4. g3 Nf6 5. Bg2 c6 6. 0-0 Bd6 7. Qc2 0-0 8. b3 Qe7 9. Nbd2 b6 10. Bb2 Ne4 11. Ne5 Bb7 12. Ndf3 Rc8 13. Rfc1 Nd7 14. Nd3 c5 15. e3 Rc7 16. Qd1 Rac8 17. dxc5 Ndxc5 18. Nf4 dxc4 19. bxc4 Rd8 20. Qc2 Bxf4 21. exf4 Nd3 22. Be5 Rcd7 23. Rf1 Qc5 24. a4 Nb4 25. Qe2 Nd2 26. Rfd1 Ne4 27. Rf1 Ba6 28. Rac1 Nd3 29. Rc2 Bxc4 30. Qe3 Qxe3 31. fxe3 Nxe5 32. Nxe5 Bxf1 33. Bxe4 Rd1 34. Bf3 Ra1 35. Kf2 Bh3 36. Bc6 h6 37. Bd7 Kh7 38. Rc7 Ra2+ 39. Ke1 a5 40. Rc6 Rxa4 41. Rxe6 Re4 42. Rxb6 Rxe3+ 43. Kf2 Rxe5 44. fxe5 Rxd7 45. Ra6 Rd5 46. e6 Re5 47. Kf3 Bg4+ 48. Kf2 Kg6 0-1

[Event "Montreal Mercredi 10"]
[Site "Montreal"]
[Date "2013.10.16"]
[Round "3"]
[White "Cardin, Guillaume"]
[Black "Boudreau, Daniel"]
[Result "1/2-1/2"]
[WhiteElo "2061"]
[BlackElo "2067"]
[PlyCount "101"]
[EventDate "2013.10.02"]
[EventType "swiss"]
[EventRounds "5"]
[EventCountry "CAN"]
[SourceTitle "EXT 2022"]
[Source "ChessBase"]
[SourceDate "2021.10.06"]
[SourceVersion "1"]
[SourceVersionDate "2021.10.06"]
[SourceQuality "1"]

1. d4 Nf6 2. c4 c5 3. d5 e6 4. Nc3 exd5 5. cxd5 d6 6. Nf3 g6 7. Bf4 Bg7 8. h3 0-0 9. e3 Qe7 10. Nd2 Nh5 11. Bh2 f5 12. Be2 f4 13. e4 Nd7 14. Bxh5 gxh5 15. Qxh5 b5 16. 0-0 b4 17. Ne2 Bxb2 18. Bxf4 Ba6 19. Rab1 Bc3 20. Bh6 Rf7 21. Ng3 Qe5 22. Nf5 Rxf5 23. Qxf5 Qxf5 24. exf5 Bxf1 25. Kxf1 Nf6 26. Nc4 Ne4 27. Bf4 Be5 28. Bxe5 dxe5 29. Re1 Nc3 30. Rxe5 Nxa2 31. d6 Rd8 32. Rxc5 b3 33. Rb5 Nc1 34. Na5 Rxd6 35. g4 Rb6 36. Rxb6 axb6 37. Nc4 Nd3 38. Nd2 b2 39. h4 b5 40. Ke2 Nf4+ 41. Kd1 Nd3 42. f3 Nb4 43. Nb1 Nd3 44. h5 Ne5 45. Kc2 Nxf3 46. Kxb2 h6 47. Nc3 Ne5 48. Nxb5 Nxg4 49. Kc3 Nf6 50. Kd4 Nxh5 51. Ke5 1/2-1/2